| 000 | 01227cam a22002054a 4500 | ||
|---|---|---|---|
| 005 | 20250605163932.0 | ||
| 008 | 250528s ||||||||||||||||||||||||d | ||
| 035 | _a14713 | ||
| 020 | _a534345611 | ||
| 040 |
_aGR-AtMCL _bgre _dGR-AtMCL _eAACR2 |
||
| 245 | 1 | _aStudy Guide for Burger's Personality / Fourth Edition | |
| 250 | _a4th | ||
| 260 |
_bBrooks/Cole Publishing Company, _c1997 |
||
| 300 | _a158 | ||
| 520 | _aDevelop your understanding of personality theories and earn higher grades at the same time! What is Personality? Personality Research Methods, The Psychoanalytic Approach: Freudian Theory and Application and Assessment, The Freudian Approach: Relevant Research, The Psychoanalytic Approach: Neo-Freudian Theory and Application and Assessment, The Neo-Freudian Theories: Relevant Research, The Trait Approach: Theory and Application and Assessment, The Trait Approach: Relevant Research, The Biological Approach: Theory and Application and Assessment, The Biological Approach: Relevant Research, The Humanistic Approach, The Behavioral/ Social Learning Approach, The Cognitive Approach, Some Concluding Observations. | ||
| 700 | 1 |
_aWilson Thomas L _9458 |
|
| 942 | _cBK | ||
| 999 |
_c334 _d334 |
||